Image Classification by Combining Local & Global Features. (Record no. 66807)

MARC details
000 -LEADER
fixed length control field 00548nam a22001817a 4500
082 ## - DEWEY DECIMAL CLASSIFICATION NUMBER
Classification number R/2CS16
100 ## - MAIN ENTRY--AUTHOR NAME
Personal name Ali Raza Abbasi
100 ## - MAIN ENTRY--AUTHOR NAME
Personal name Roll No. 16-15CS17
100 ## - MAIN ENTRY--AUTHOR NAME
Personal name Supervisor - Dr. Sajida Parveen Soomro
245 ## - TITLE STATEMENT
Title Image Classification by Combining Local & Global Features.
260 ## - PUBLICATION, DISTRIBUTION, ETC. (IMPRINT)
Place of publication Nawabshah
Name of publisher QUEST
Year of publication 2020
300 ## - PHYSICAL DESCRIPTION
Number of Pages 27p
700 ## - ADDED ENTRY--PERSONAL NAME
Personal name Fiza Kaneez (Roll No. 16CS24)
700 ## - ADDED ENTRY--PERSONAL NAME
Personal name Sunhan Mallah (Roll No. 16CS45)
700 ## - ADDED ENTRY--PERSONAL NAME
Personal name Rena Buriro (Roll No. 16CS30)
700 ## - ADDED ENTRY--PERSONAL NAME
Personal name Sajjad Hisbani (Roll No. 16CS44)
942 ## - ADDED ENTRY ELEMENTS (KOHA)
Koha item type Thesis and Dissertation
Holdings
Withdrawn status Lost status Home library Current library Date acquired Full call number Accession Number Koha item type
    Research Section Research Section 07/01/2021 R/2CS16 16CS-T175 Thesis and Dissertation